| 000 | 00697nam a2200217 a 4500 | ||
|---|---|---|---|
| 001 | BRCA_2047 | ||
| 005 | 20190320203640.0 | ||
| 008 | 040808s1991----wau#---###---#000-0#eng-# | ||
| 020 | _a0844406902 | ||
| 050 | 4 |
_aZ695.74.U54 _b.D47 1991 |
|
| 245 | 1 | 0 | _aDescriptive Cataloging of Rare Books. |
| 250 | _a2 | ||
| 260 |
_aWashington, D.C. _bCataloging Distribution Service, Library of Congress _c1991 |
||
| 300 |
_axiii, 113 p. _c28 cm. |
||
| 500 | _aIncluye índice alfabético y glosario | ||
| 650 | 1 | 4 |
_aCatalogación de libros raros _vNormas _96249 |
| 650 | 1 | 4 |
_aLibros raros _vBibliografía _xNormas _96250 |
| 650 | 1 | 4 |
_aCatalogación descriptiva _vNormas _96251 |
| 902 | _aREF | ||
| 942 |
_2lcc _cB |
||
| 999 |
_c1812 _d1812 |
||